000 00894nam a2200277 i 4500
003 DO-SdBNP
005 20250506153603.0
007 ta
008 250506b2024 dr ||||| |||| 00| 0 spa d
020 _a9789945189001
040 _aDO-SdBNP
_bspa
_cBNPHU
_erda
041 _hspa
082 4 _axxx
_bxxx
_222
100 1 _aCastor Paniagua, Luesmil,
_d1961-
_eautoraut.
_978157
245 1 0 _aEstrujamientos de la piel :
_bcantos de isla y mujer.../
_cLuesmil Castor Paniagua
250 _aPrimera edición
264 1 _aSanto Domingo :
_bTiempos de Nosotros Editores,
_c2024.
300 _a108 páginas ;
_c23 cm.
336 _atexto
_btxt
_2rdacontent
337 _asin mediación
_bn
_2rdamedia
338 _avolumen
_bnc
_2rdacarrier
500 _aIncluye datos biográficos del autor en la solapa de la cubierta
590 _aInventariado, 2025/BT
910 _aBtavárez
942 _2ddc
_cLBS1
999 _c58389
_d58389